[Event "29th ECC Open 2013"]
[Site "Rhodes GRE"]
[Date "2013.10.26"]
[Round "7.7"]
[White "Riff,V"]
[Black "Schachinger,M"]
[Result "1-0"]
[WhiteElo "2335"]
[BlackElo "2402"]

1.Nf3 d5 2.g3 Nf6 3.Bg2 c6 4.c4 dxc4 5.O-O Nbd7 6.Na3 Nb6 7.Qc2 Be6 8.Ng5 Qd7
9.Nxe6 Qxe6 10.b3 cxb3 11.axb3 g6 12.Nc4 Nxc4 13.bxc4 Bg7 14.d4 O-O 15.Rb1 Qd7
16.Rd1 Rfd8 17.Ba3 e6 18.e4 Rac8 19.Qb3 b6 20.e5 Ne8 21.f4 Bf8 22.Bxf8 Kxf8
23.Ra1 Rc7 24.g4 Kg8 25.Qh3 Qe7 26.Kh1 Ng7 27.Qg3 f6 28.Qe3 fxe5 29.fxe5 Rf8
30.Rf1 Ne8 31.d5 cxd5 32.cxd5 exd5 33.Bxd5+ Kh8 34.e6 Nf6 35.Qe5 Kg8 36.Rxf6 Rxf6
37.Qxf6 Qxf6 38.e7+ Kg7 39.e8=N+  1-0

[Event "29th ECC Open 2013"]
[Site "Rhodes GRE"]
[Date "2013.10.26"]
[Round "7.25"]
[White "Andersen,Mad"]
[Black "Grant,J"]
[Result "1-0"]
[WhiteElo "2476"]
[BlackElo "2236"]

1.g3 d5 2.Nf3 Nf6 3.Bg2 e6 4.O-O b5 5.b3 Bd6 6.c4 c6 7.d4 Nbd7 8.Nbd2 Qe7
9.Qc2 bxc4 10.bxc4 O-O 11.e4 Ba3 12.Rb1 Rb8 13.e5 Ne8 14.cxd5 exd5 15.Qxc6 Nb6
16.Bxa3 Qxa3 17.Qc5 Qa4 18.Qc3 Bf5 19.Rb2 Qd7 20.Qa5 Rc8 21.Qa6 Rc3 22.Re1 Rc6
23.Qa3 g6 24.Ng5 h6 25.Nh7 Kxh7 26.Qxf8 Nc7 27.Qb4 Ne6 28.a4 Nc4 29.Nxc4 Rxc4
30.Qb7 Rc7 31.Qxd5 Qxa4 32.Rb7 Rxb7 33.Qxb7 Kg7 34.d5 Nc5 35.Qe7 Nd3 36.e6 Nxe1
37.exf7 Nf3+ 38.Bxf3 Qa1+ 39.Kg2  1-0

[Event "8th Herbstopen"]
[Site "Deizisau GER"]
[Date "2013.10.27"]
[Round "3.2"]
[White "Langheinrich,F"]
[Black "Steinhart,K"]
[Result "1/2-1/2"]
[WhiteElo "2456"]
[BlackElo "2135"]

1.Nf3 d5 2.g3 Nf6 3.Bg2 e6 4.O-O Be7 5.c4 O-O 6.b3 b6 7.Bb2 Bb7 8.cxd5 exd5
9.d4 Nbd7 10.Nc3 Re8 11.Rc1 a6 12.Qc2 Rc8 13.Qb1 Bb4 14.e3 Qe7 15.Rfd1 Ba3
16.Bxa3 Qxa3 17.b4 a5 18.Nb5 Qxb4 19.Qxb4 axb4 20.Nxc7 Red8 21.Ne5 Ne4 22.Nc6 Bxc6
23.Rxc6 Nb8 24.Nxd5 Nxc6 25.Bxe4 Kf8 26.Nxb6 Rb8 27.Bxc6 Rxb6 28.Ba4 Ra6
29.Bb3 Rc6 30.e4 Rdc8 31.Kg2 Rc1 32.Rd2 Re1 33.e5 g5 34.f4 gxf4 35.gxf4 Rc3
36.d5 Ree3 37.Bc2 h5 38.d6 Ke8 39.Bf5 h4 40.h3 Rg3+ 41.Kh2 Rcf3 42.Rc2 Rc3
43.Rd2  1/2-1/2

[Event "17th OIBM 2013"]
[Site "Bad Wiessee GER"]
[Date "2013.10.28"]
[Round "4.23"]
[White "Hausrath,D"]
[Black "Ehrke,M"]
[Result "1-0"]
[WhiteElo "2532"]
[BlackElo "2205"]

1.Nf3 d5 2.g3 Nf6 3.Bg2 Bf5 4.O-O e6 5.d3 h6 6.c4 c6 7.Be3 Nbd7 8.Qb3 Qb8
9.cxd5 Nxd5 10.Bd2 Bh7 11.e4 N5f6 12.Bf4 e5 13.Nxe5 Nxe5 14.d4 Bd6 15.dxe5 Bxe5
16.Bxe5 Qxe5 17.Qxb7 O-O 18.Nd2 Nxe4 19.Nxe4 Bxe4 20.Rae1 f5 21.b3 Qd5 22.Rd1 Qa5
23.Rd7 Qc3 24.Rfd1 Rab8 25.Qc7 Rbc8 26.Qf4 Rce8 27.Rxa7 Bd3 28.h4  1-0

[Event "14th Liberec Open"]
[Site "Liberec CZE"]
[Date "2013.10.29"]
[Round "5.33"]
[White "Voith,W"]
[Black "Schoeppe,Christian"]
[Result "1-0"]
[WhiteElo "1677"]
[BlackElo "1591"]

1.Nf3 d5 2.g3 Nf6 3.Bg2 c5 4.O-O Nc6 5.d3 e6 6.Nbd2 Bd6 7.e4 d4 8.Nc4 e5
9.Bg5 Bc7 10.a4 Be6 11.Nfd2 h6 12.Bxf6 Qxf6 13.h4 h5 14.Kh2 g5 15.hxg5 Qxg5
16.Bh3 h4 17.g4 Qf4+ 18.Kh1 Rg8 19.Qf3 Qxf3+ 20.Nxf3 Bxg4 21.Bxg4 Rxg4 22.Rg1 Rxg1+
23.Rxg1 Ke7 24.Nxh4 Rh8 25.Rg4 Nb4 26.Na3 Ke6 27.Kg2 a6 28.Nf5 Nc6 29.Nc4 b5
30.axb5 axb5 31.Na3 Rb8 32.Rh4 Ba5 33.Rh6+ f6 34.Rh7 Bd2 35.Rc7 Rb6 36.Nxb5 Rxb5
37.Rxc6+ Kd7 38.Rd6+ Kc7 39.b3 Bg5 40.Ra6 Rb8 41.Ne7 Kb7 42.Ra4 Kb6 43.Nd5+ Kb5
44.Kf3 Rg8 45.Ra7 Rh8 46.Rb7+ Ka5 47.Ra7+ Kb5 48.Ke2 Rh2 49.Ra1 Bh4 50.Rf1 Rg2
51.Kf3 Rg7 52.Rh1 Bg5 53.Ke2 Kc6 54.Rg1 Rf7 55.Rg4 Rh7 56.Rg2 Kd6 57.Kf3 Rh5
58.Kg4 Rh6 59.Kf5 Bh4 60.Rh2 Kc6 61.Kg4 f5+ 62.Kxf5  1-0

[Event "17th OIBM 2013"]
[Site "Bad Wiessee GER"]
[Date "2013.10.30"]
[Round "6.6"]
[White "Hausrath,D"]
[Black "Gupta,Ab"]
[Result "1/2-1/2"]
[WhiteElo "2532"]
[BlackElo "2593"]

1.Nf3 d5 2.g3 Nc6 3.d4 Bg4 4.Bg2 Qd7 5.h3 Bxf3 6.exf3 O-O-O 7.c3 e6 8.f4 f5
9.Nd2 Nf6 10.Nf3 Ne4 11.Be3 Kb8 12.Bf1 a6 13.Bd3 Bd6 14.h4 Qe8 15.Qe2 Rf8
16.Ne5 Be7 17.O-O-O h6 18.h5 Nxe5 19.fxe5 c5 20.dxc5 Bxc5 21.Bxc5 Nxc5 22.Qe3 d4
23.cxd4 f4 24.gxf4 Nxd3+ 25.Qxd3 Rxf4 26.Kb1 Rxf2 27.Rc1 Rd5 28.Rc5 Qd7 29.Rhc1 Rxc5
30.Rxc5 Rh2 31.Qd1 Qf7 32.Qc1 Qf8 33.a3 Rxh5 34.Qc4 Rh4 35.Ka2 Qe8 36.Rc7 Rxd4
37.Rxb7+ Kxb7 38.Qxd4 Qb5 39.b3 g5 40.a4 Qd5 41.Qb4+ Kc6 42.Qc3+ Kd7 43.Qe3 a5
44.Qa7+ Ke8 45.Qg7 Qd2+ 46.Ka3 Qf4 47.Qg6+ Kd7 48.Qd3+ Ke8 49.Qb5+ Kf8 50.Qxa5 g4
51.Qc5+ Kg7 52.a5 g3 53.a6 g2 54.Qc7+ Kg8 55.Qc8+ Qf8+ 56.Qxf8+ Kxf8 57.a7 g1=Q
58.a8=Q+ Kg7 59.Qb7+ Kg6 60.Qb8 Qc1+ 61.Ka4 Qc6+ 62.Ka3 Qc1+ 63.Ka4 Qc6+
64.Ka3 h5 65.Qg8+ Kf5 66.Qf7+ Kg4 67.Qg6+ Kh4 68.Qf6+ Kh3 69.b4 Qa8+ 70.Kb2 Qg2+
71.Kc3 Qc6+ 72.Kd2 Qd5+ 73.Ke3 Qb3+ 74.Kf2 Qb2+ 75.Ke3 Qc3+ 76.Ke2 Qc4+ 77.Kf2 Qd4+
78.Ke2 Qe4+ 79.Kf2 Qc2+ 80.Ke3 Qb3+ 81.Kf2 Qc2+ 82.Ke3  1/2-1/2

[Event "17th OIBM 2013"]
[Site "Bad Wiessee GER"]
[Date "2013.11.01"]
[Round "8.38"]
[White "Welling,G"]
[Black "Graf,C"]
[Result "1/2-1/2"]
[WhiteElo "2336"]
[BlackElo "2165"]

1.Nf3 d5 2.g3 c6 3.Bg2 Bg4 4.d3 Nd7 5.O-O Ngf6 6.Nbd2 e6 7.b3 Be7 8.Bb2 O-O
9.c4 a5 10.a3 Qb6 11.Qc2 Rfd8 12.Bc3 Ne8 13.b4 axb4 14.axb4 Bf6 15.c5 Qc7
16.e4 Bxc3 17.Qxc3 Bxf3 18.Nxf3 dxe4 19.dxe4 Nef6 20.e5 Nd5 21.Qd4 b5 22.cxb6 Qxb6
23.Rxa8 Rxa8 24.Qxb6 N7xb6 25.Nd4 Nxb4 26.Rb1 N6d5 27.Bxd5 Nxd5 28.Nxc6 g6
29.Rb8+ Rxb8 30.Nxb8  1/2-1/2

[Event "2nd Danube Rapid Cup 2013"]
[Site "Kozloduy BUL"]
[Date "2013.11.01"]
[Round "5.1"]
[White "Topalov,V"]
[Black "Petkov,V"]
[Result "1-0"]
[WhiteElo "2774"]
[BlackElo "2570"]

1.Nf3 d5 2.g3 Nc6 3.d4 Bg4 4.Bg2 Qd7 5.O-O Bh3 6.Bxh3 Qxh3 7.c4 O-O-O 8.Ng5 Qf5
9.cxd5 Qxd5 10.Nc3 Qf5 11.e4 Qg6 12.d5 a6 13.Qg4+ e6 14.dxc6 h6 15.Rd1 Re8
16.cxb7+ Kxb7 17.e5 hxg5 18.Bxg5 Bc5 19.Qe4+ Qxe4 20.Nxe4 Bb6 21.Rd7 f6 22.Rxg7  1-0

[Event "52nd TCh-DEN XtraCon 2013-14"]
[Site "Denmark DEN"]
[Date "2013.11.02"]
[Round "1.2"]
[White "Sorensen,B"]
[Black "Rasmussen,A"]
[Result "0-1"]
[WhiteElo "2247"]
[BlackElo "2486"]

1.Nf3 d5 2.g3 Nf6 3.Bg2 Bf5 4.O-O e6 5.d3 h6 6.Nbd2 Be7 7.Qe1 O-O 8.e4 Bh7
9.b3 a5 10.a3 c5 11.Qe2 a4 12.Bb2 Nc6 13.Rfd1 Qb6 14.Rab1 axb3 15.Nxb3 Ra4
16.Nfd2 Rd8 17.h3 Qa7 18.c4 dxc4 19.Nxc4 Ne8 20.Rbc1 Nc7 21.Qg4 Bf8 22.Bf6 Rd7
23.Nb2 h5 24.Qg5 Bg6 25.Bxg7 Kxg7 26.Nxa4 Qxa4 27.Nxc5 Qb5 28.Qe3 Rd4 29.Nxb7 e5
30.Rb1 Qa6 31.f4 f6 32.Rdc1 Bxa3 33.Nc5 Bxc1 34.Qxc1 Qc8 35.Rb7 Nd8 36.Ra7 Qb8
37.Qa3 Bf7 38.fxe5 Nb5 39.exf6+ Kg6 40.Qb2 Qxa7 41.Qxb5 Ne6 42.Nxe6 Rxd3+  0-1

[Event "52nd TCh-DEN XtraCon 2013-14"]
[Site "Denmark DEN"]
[Date "2013.11.02"]
[Round "1.4"]
[White "Jorgensen,J"]
[Black "Jensen,Bjark"]
[Result "1/2-1/2"]
[WhiteElo "2257"]
[BlackElo "2315"]

1.Nf3 d5 2.g3 Nf6 3.Bg2 c6 4.d4 g6 5.O-O Bg7 6.c4 dxc4 7.Ne5 Ng4 8.Nf3 Nd7
9.e4 Nb6 10.h3 Nf6 11.Qe2 O-O 12.Rd1 Ne8 13.a4 a5 14.Nc3 Nc7 15.Be3 Na6 16.d5 cxd5
17.Nxd5 Nxd5 18.Rxd5 Qe8 19.Rxa5 c3 20.Bd4 Bxd4 21.Nxd4 b6 22.Rb5 Nc5 23.e5 Rxa4
24.Rxa4 Nxa4 25.b3 Nc5 26.Qc2 Ba6 27.Rxb6 Qd8 28.Rb4 Nd3 29.Ra4 Nc5 30.Rb4 Nd3
31.Ra4 Nc5  1/2-1/2

[Event "TCh-FIN SM 2013-14"]
[Site "Helsinki FIN"]
[Date "2013.11.02"]
[Round "5.8"]
[White "Lammi,J"]
[Black "Ebeling,M"]
[Result "1/2-1/2"]
[WhiteElo "2103"]
[BlackElo "2278"]

1.Nf3 d5 2.g3 c5 3.Bg2 Nc6 4.O-O e5 5.d3 Nf6 6.e4 d4 7.a4 Be7 8.Na3 O-O 9.Nc4 Qc7
10.Nh4 Nd7 11.Nf5 Nb6 12.Nxe7+ Qxe7 13.b3 Nxc4 14.bxc4 a5 15.f4 f6 16.Qh5 Nb4
17.Rf2 Bd7 18.Bh3 Bxh3 19.Qxh3 b6 20.f5 Rf7 21.g4 h6 22.Qh5  1/2-1/2

[Event "2nd Danube Rapid Cup 2013"]
[Site "Kozloduy BUL"]
[Date "2013.11.02"]
[Round "8.1"]
[White "Petkov,V"]
[Black "Ivanisevic,I"]
[Result "0-1"]
[WhiteElo "2570"]
[BlackElo "2619"]

1.Nf3 d5 2.g3 Nc6 3.d4 Bg4 4.Bg2 Qd7 5.O-O O-O-O 6.Ne5 Nxe5 7.dxe5 Bh3 8.Qd4 Bxg2
9.Kxg2 Kb8 10.Be3 b6 11.c4 e6 12.cxd5 exd5 13.Rd1 Bc5 14.Qd3 Bxe3 15.Qxe3 Ne7
16.Nd2 Ng6 17.Nf3 Rhe8 18.Qc3 c5 19.b4 cxb4 20.Qxb4 Nxe5 21.a4 Nc4 22.Nd4 Ka8
23.e3 h5 24.Qb5 Kb7 25.Ne2 Re5 26.Rd4 Qxb5 27.axb5 Rc8 28.Nf4 Nd6 29.Rb1 Rc2
30.Kg1 Ne4 31.Nxd5 Nd2 32.Rbb4 Nf3+ 33.Kg2 Nxd4 34.Rxd4 Rf5 35.Nf4 Rxb5  0-1

[Event "TCh-NED Meesterklasse 2013-14"]
[Site "Netherland NED"]
[Date "2013.11.02"]
[Round "2.3"]
[White "Zaragatski,I"]
[Black "Bernink,Henk"]
[Result "1-0"]
[WhiteElo "2499"]
[BlackElo "2221"]

1.Nf3 d5 2.g3 Bg4 3.Bg2 c6 4.c4 e6 5.O-O Bxf3 6.Bxf3 Nf6 7.b3 Bd6 8.Bb2 Nbd7
9.d4 O-O 10.Nc3 Qe7 11.a3 Rad8 12.Qc2 Bb8 13.Rfe1 dxc4 14.bxc4 e5 15.e3 Rfe8
16.Qb3 e4 17.Bg2 Nf8 18.Rab1 b6 19.a4 Bc7 20.a5 Qe6 21.d5 cxd5 22.cxd5 Qf5
23.Red1 Ng6 24.Qc2 Be5 25.Nxe4 Nxd5 26.Ba3 Kh8 27.Qb3 Bc7 28.Nd6 Bxd6 29.Rxd5 Qe6
30.Bxd6 Rxd6 31.Rxd6 Qxd6 32.Qxf7 Rf8 33.Qa2 Ne5 34.axb6 axb6 35.Qe2 Qc5
36.Qd2 h5 37.Qb4 Nd3 38.Qxc5 bxc5 39.f4 Re8 40.e4 c4 41.Rd1 Rc8 42.Bf1 Nc5
43.Rd4 Nb3 44.Rxc4 Ra8 45.Rb4 Nd2 46.Be2 h4 47.gxh4  1-0

[Event "TCh-NED Meesterklasse 2013-14"]
[Site "Netherland NED"]
[Date "2013.11.02"]
[Round "2.1"]
[White "Okkes,M"]
[Black "Saltaev,M"]
[Result "0-1"]
[WhiteElo "2354"]
[BlackElo "2480"]

1.Nf3 d5 2.g3 c6 3.Bg2 Nd7 4.d4 Ngf6 5.O-O g6 6.b3 Bg7 7.Bb2 O-O 8.c4 Ne4
9.Nbd2 Ndf6 10.e3 Be6 11.Qe2 Qa5 12.Rfc1 Rfc8 13.a4 Bf5 14.Nxe4 Nxe4 15.Ne5 Qd2
16.Qxd2 Nxd2 17.Ra3 Bxe5 18.dxe5 dxc4 19.bxc4 Be6 20.Rac3 Rc7 21.a5 Rd8 22.Ba3 b6
23.axb6 axb6 24.h3 Ra8 25.c5 b5 26.R1c2 Nb1  0-1

[Event "TCh-CZE Extraliga 2013-14"]
[Site "Novy Bor CZE"]
[Date "2013.11.02"]
[Round "1.8"]
[White "Jirovsky,M"]
[Black "Zilka,S"]
[Result "1/2-1/2"]
[WhiteElo "2480"]
[BlackElo "2528"]

1.Nf3 d5 2.g3 Nf6 3.Bg2 e6 4.O-O Be7 5.d4 O-O 6.c4 c6 7.Qc2 Nbd7 8.Rd1 b6
9.b3 Ba6 10.Nbd2 Rc8 11.e4 c5 12.exd5 exd5 13.Qf5 g6 14.Qh3 dxc4 15.Nxc4 b5
16.Nce5 Nxe5 17.Nxe5 Qb6 18.Bg5 Rc7 19.Rac1 Rfc8 20.Bxf6 Qxf6 21.Nd7 Qg5
22.f4 Qf5 23.Qxf5 gxf5 24.dxc5 Bxc5+ 25.Nxc5 Rxc5 26.Rxc5 Rxc5 27.Bf1 Bb7
28.Rd7 Be4 29.Rxa7 Rc1 30.Kf2 Rc2+ 31.Ke3 Rxh2 32.Bxb5 Rg2 33.Bc4 Rxg3+ 34.Kd4 Rg7
35.b4 h5 36.b5 h4 37.b6 Kh7 38.Bd5 Rg2 39.Rxf7+ Kg6 40.b7 Rd2+ 41.Ke3 Rxd5
42.Rxf5 Rxf5 43.b8=Q Bd5 44.Qd6+ Kg7 45.Qe7+ Kg6 46.a4 h3 47.Qh4 Bc6 48.Qg3+ Kf6
49.Qxh3 Bxa4 50.Qh8+ Ke7 51.Qg7+ Rf7 52.Qg5+ Ke8 53.f5 Bd7 54.f6 Kf8 55.Kf4 Be8
56.Qc5+ Kg8 57.Ke5 Rd7 58.Ke6 Rf7 59.Qc8 Kf8 60.Qb8 Rh7 61.Qa8 Rf7 62.Kf5 Rh7
63.Qb8 Rh5+ 64.Ke6 Rh7 65.Qg3 Bd7+ 66.Kd6 Be8 67.Qc3 Rf7 68.Ke5 Rh7 69.Qb4+ Kg8
70.Qg4+ Kf8 71.Qf4 Rf7 72.Qh2 Kg8 73.Kf5 Bd7+ 74.Kg5 Be8 75.Qa2 Kf8 76.Qa3+ Kg8
77.Qd6 Rd7 78.Qe6+ Kf8 79.Kh6 Rf7 80.Qe5 Rd7 81.f7 Rxf7 82.Qd6+ Kg8 83.Qg6+  1/2-1/2

[Event "3rd Panama Open"]
[Site "Panama City PAN"]
[Date "2013.11.02"]
[Round "3.5"]
[White "Bruzon Batista,L"]
[Black "Ruiz Sanchez,O"]
[Result "1-0"]
[WhiteElo "2685"]
[BlackElo "2420"]

1.Nf3 d5 2.g3 Nf6 3.Bg2 c6 4.d3 Bg4 5.Nbd2 Nbd7 6.h3 Bxf3 7.Nxf3 e5 8.O-O Bc5
9.Nxe5 Nxe5 10.d4 Bd6 11.dxe5 Bxe5 12.c4 dxc4 13.Qa4 O-O 14.Qxc4 Re8 15.Rb1 Qe7
16.e4 Bc7 17.Re1 Bb6 18.Bd2 Rad8 19.Bc3 Nh5 20.Qe2 Qg5 21.Kh2 Re6 22.Rbd1 Rde8
23.Qg4 Qxg4 24.hxg4 Nf6 25.f3 h6 26.Bf1 h5 27.g5 Nh7 28.f4 Rxe4 29.Rxe4 Rxe4
30.Rd7 h4 31.Rxb7 Nf8 32.f5 hxg3+ 33.Kxg3 g6 34.Bg2 Rc4 35.Bh3 gxf5 36.Bxf5 Rc5
37.Kg4 Rc4+ 38.Kf3 Rc5 39.Be4 Rxg5 40.Bxc6 Rc5 41.Be4 Rc8 42.Bd5 Rc7 43.Rb8 Rd7
44.Ke4 Rd8 45.Rb7 Rd7 46.b4 Rxb7 47.Bxb7 Ne6 48.Kd5 Kf8 49.Bc8 Ke7 50.Bxe6 fxe6+
51.Kc6 Kd8 52.Kb7 Kd7 53.Be5 Bf2 54.b5  1-0

[Event "Krasnoselskaya Autumn IM 2013"]
[Site "St Petersburg RUS"]
[Date "2013.11.02"]
[Round "1.4"]
[White "Chigaev,M"]
[Black "Yevseev,D"]
[Result "1/2-1/2"]
[WhiteElo "2491"]
[BlackElo "2533"]

1.Nf3 d5 2.g3 Nf6 3.Bg2 c6 4.O-O Bf5 5.d3 e6 6.Nbd2 h6 7.Qe1 Be7 8.e4 Bh7
9.b3 O-O 10.Bb2 Nbd7 11.Qe2 a5 12.a4 Qb6  1/2-1/2

[Event "TCh-CZE Extraliga 2013-14"]
[Site "Turnov CZE"]
[Date "2013.11.02"]
[Round "1.8"]
[White "Zpevak,P"]
[Black "Cech,P"]
[Result "1/2-1/2"]
[WhiteElo "2381"]
[BlackElo "2387"]

1.Nf3 d5 2.g3 Nf6 3.Bg2 c6 4.O-O Bf5 5.d3 h6 6.Nbd2 e6 7.Qe1 Be7 8.e4 dxe4
9.dxe4 Bh7 10.Qe2 O-O 11.b3 Na6 12.Bb2 Nc5 13.Ne5 Qc7 14.Ng4 Nxg4 15.Qxg4 e5
16.Nc4 f6 17.Ne3 Rfd8 18.Rfd1 Bf8 19.Nf5 Kh8 20.h4 h5 21.Qe2 Rxd1+ 22.Rxd1 Rd8
23.Kh2 Rxd1 24.Qxd1 Qd7 25.Qxd7 Nxd7 26.Bh3 Nc5 27.f3 Bg8 28.Ne3 Be6 29.Bf1 b5
30.Kg2 Kg8 31.Kf2 Kf7 32.Be2 g6 33.Bf1 Bd6 34.Be2 Bc7 35.Bf1 Bb6 36.Ke2 Ke7
37.Kd2 Ba5+ 38.Ke2 Bb6 39.Kd2 Ba5+ 40.Ke2  1/2-1/2

[Event "52nd TCh-DEN XtraCon 2013-14"]
[Site "Denmark DEN"]
[Date "2013.11.03"]
[Round "2.1"]
[White "Teplyi,I"]
[Black "Hector,J"]
[Result "0-1"]
[WhiteElo "2386"]
[BlackElo "2503"]

1.Nf3 d5 2.g3 Nc6 3.d4 Bg4 4.Bg2 e6 5.O-O Be7 6.c4 Bf6 7.e3 Nge7 8.h3 Bf5
9.g4 Bxb1 10.Rxb1 g6 11.b4 a6 12.Qe2 O-O 13.a3 Bg7 14.Bb2 f5 15.Rfd1 Qe8
16.Ng5 Qd7 17.f4 Rad8 18.c5 Kh8 19.Nf3 h6 20.g5 hxg5 21.Nxg5 Ng8 22.h4 Nf6
23.Bf3 Bh6 24.Kf2 Kg7 25.Rg1 Rh8 26.h5 Bxg5 27.Rxg5 Rxh5 28.Bxh5 Ne4+ 29.Kg2 Nxg5
30.fxg5 gxh5 31.Rh1 Rh8 32.Rxh5 Qe8 33.Rxh8 Qxh8 34.Bc3 Qh4 35.b5 Qxg5+ 36.Kf1 axb5
37.Qxb5 Qxe3 38.Qxb7 Qf3+ 39.Kg1 Qg3+ 40.Kf1 Qf3+ 41.Kg1 Qxc3 42.Qxc7+ Kf6
43.Qxc6 Qxd4+ 44.Kf1 Qd3+ 45.Kg1 f4 46.Qc8 Kf5 47.c6 f3 48.Qf8+ Ke4 49.Qb4+ d4
50.Qe1+ Qe2 51.Qf2 Qc4 52.Qh4+ Kd5 53.Qf4 Qe2  0-1

[Event "TCh-CZE Extraliga 2013-14"]
[Site "Prague CZE"]
[Date "2013.11.03"]
[Round "2.4"]
[White "Simek,P2"]
[Black "Bures,J"]
[Result "1/2-1/2"]
[WhiteElo "2392"]
[BlackElo "2377"]

1.Nf3 d5 2.g3 Nf6 3.Bg2 c6 4.O-O Bg4 5.c4 Nbd7 6.cxd5 cxd5 7.d3 e6 8.Nc3 Be7
9.h3 Bxf3 10.Bxf3 O-O 11.e4 Ne5 12.Bg2 dxe4 13.dxe4 Bc5 14.Na4 Bd4 15.Kh2 Nc6
16.Qb3 Qe7 17.Nc3 Rfd8 18.f4 Bxc3 19.bxc3 Na5 20.Qa4 Qc7 21.Be3 Qxc3 22.Rfe1 b6
23.Rac1 Qd3 24.Rcd1 Qc4 25.Qxc4 Nxc4 26.Bd4 Rac8 27.a4 Kf8 28.Bf3 Na5 29.g4 Nb3
30.Be5 Rxd1 31.Rxd1 Rc2+ 32.Kg3 Nd2 33.Bd6+ Ke8 34.e5 Nfe4+ 35.Bxe4 Nxe4+
36.Kf3 Nxd6 37.Rxd6 Rc3+ 38.Kg2 Rc4 39.a5 bxa5 40.Kg3 Rc3+ 41.Kh4 Rc8 42.Ra6 Ra8
43.f5 Ke7 44.Kg5 a4 45.h4 a3 46.fxe6 fxe6 47.h5 a2 48.h6 Kf7 49.Rxa2 a5 50.Ra4 Ra7
51.Kh5 Ra8 52.Kg5 Kg8 53.Kh5 gxh6 54.Kxh6 Ra6 55.g5 Ra8 56.g6 hxg6 57.Kxg6 Ra6
58.Kf6 Kf8 59.Rh4 Ke8 60.Ra4 Kd7 61.Ra3 a4 62.Kf7 Kd8 63.Rd3+ Kc7 64.Ra3 Kb7
65.Ke7 Kc8 66.Rc3+ Kb8 67.Ra3 Kc7 68.Kf6 Kd8 69.Rd3+ Ke8 70.Ra3 Kf8 71.Rh3 Ke8
72.Ra3 Kd7 73.Kf7 Kc6 74.Kxe6 Kc5+ 75.Kf7 Ra7+ 76.Kf6 Kb4 77.Ra1 a3 78.e6 Kb3
79.e7 Rxe7 80.Rxa3+ Kxa3 81.Kxe7  1/2-1/2

[Event "TCh-FIN SM 2013-14"]
[Site "Sastamala FIN"]
[Date "2013.11.03"]
[Round "6.7"]
[White "Nivala,T"]
[Black "Lain,L"]
[Result "1-0"]
[WhiteElo "2180"]
[BlackElo "2201"]

1.Nf3 d5 2.g3 c5 3.Bg2 Nc6 4.d4 e6 5.O-O Nf6 6.c4 dxc4 7.Qa4 cxd4 8.Nxd4 Qxd4
9.Bxc6+ bxc6 10.Qxc6+ Qd7 11.Qxa8 Bc5 12.Nd2 O-O 13.Qg2 Bb7 14.Nf3 e5 15.Be3 Bxe3
16.fxe3 Ng4 17.Rfc1 Qb5 18.h3 Nxe3 19.Qf2 Nf5 20.Nd2 Rd8 21.Nxc4 Qd5 22.Kh2 Nd4
23.Ne3 Qb5 24.Rc7 f6 25.Rd1 Qxb2 26.Nf5 Qb6 27.Rxg7+ Kf8 28.Rxb7 Qxb7 29.Nxd4 Rxd4
30.Rxd4 exd4 31.Qxf6+ Kg8 32.Qd8+ Kf7 33.Qxd4 Qa6 34.Qd7+ Kf6 35.Qd2 Kg7
36.h4 Qc4 37.Qg5+ Kh8 38.Qe5+ Kg8 39.Qb8+  1-0

[Event "Stockholm All Saints Open 2013"]
[Site "Stockholm SWE"]
[Date "2013.11.03"]
[Round "7.6"]
[White "Pettersson,Tob"]
[Black "Horn,E"]
[Result "1-0"]
[WhiteElo "2104"]
[BlackElo "1993"]

1.Nf3 d5 2.g3 Nf6 3.Bg2 g6 4.c4 c6 5.b3 Bg7 6.Bb2 O-O 7.O-O Nbd7 8.e3 Re8
9.d4 dxc4 10.bxc4 Nb6 11.Nbd2 Bg4 12.Qb3 Nfd7 13.h3 Bxf3 14.Nxf3 e5 15.Rfd1 e4
16.Nd2 f5 17.c5+ Nd5 18.Qxb7 Nxc5 19.dxc5 Re7 20.Qxc6 Bxb2 21.Nb3 Bxa1 22.Rxd5 Qc8
23.Qxc8+ Rxc8 24.Nxa1 a5 25.Nb3 Rec7 26.a4 Rb8 27.Nxa5 Rb1+ 28.Bf1 Ra1 29.c6 Kf7
30.Kg2 Rxa4 31.Rd7+ Rxd7 32.cxd7 Ke7 33.Nb7 Ra8 34.d8=Q+ Rxd8 35.Nxd8 Kxd8
36.Bc4 Ke7 37.g4 Kf6 38.Kg3 h6 39.Ba6 Kg5 40.Bb7 h5 41.h4+ Kf6 42.gxh5 gxh5
43.Kf4 Ke6 44.Bc6 Kf6 45.Bd7  1-0

[Event "Arab Clubs 2013"]
[Site "Monastir TUN"]
[Date "2013.11.04"]
[Round "1.2"]
[White "Shoker,S"]
[Black "Moayed,O"]
[Result "1-0"]
[WhiteElo "2500"]
[BlackElo "2058"]

1.Nf3 d5 2.g3 Nf6 3.Bg2 e6 4.O-O c5 5.c4 Nc6 6.cxd5 exd5 7.d4 cxd4 8.Nxd4 Bc5
9.Nxc6 bxc6 10.Qc2 Qb6 11.Nc3 Ng4 12.e4 Ba6 13.Na4 Bxf2+ 14.Rxf2 Qxf2+ 15.Qxf2 Nxf2
16.Kxf2 Rd8 17.Nc5 Bc8 18.Bf4 Be6 19.Bc7 Rc8 20.Bd6 Rd8 21.Nxe6 fxe6 22.e5 Rd7
23.Bh3 Rf7+ 24.Ke3 Kd7 25.Rc1 h5 26.Rc5 g5 27.Ra5 Ra8 28.b4 g4 29.Bg2 Kc8
30.h4 Kb7 31.Rc5 a6 32.a4 Kb6 33.Rc2 Rg8 34.Bc5+ Kb7 35.Rb2 Rgg7 36.Kd4 Kc8
37.Bd6 Rf5 38.Rc2 Kb7 39.Kc5 Rgf7 40.b5 cxb5 41.Rb2 Rf2 42.Bxd5+ exd5 43.Rb4 Kc8
44.axb5 axb5 45.Rxb5 Rb7 46.Ra5 Kd7 47.Kxd5 Rd2+ 48.Ke4 Rb3 49.Ra6 Rbd3 50.Kf5 Kc8
51.Rb6 Rxg3 52.e6 Rxd6 53.Rxd6 Re3 54.Kf6 g3 55.Rd1 g2 56.e7 Rf3+ 57.Ke6 Re3+
58.Kd6 Re2 59.Rc1+ Kb7 60.Rg1 Rd2+ 61.Ke6 Re2+ 62.Kf7 Rf2+ 63.Kg6 Re2 64.Kf6 Rf2+
65.Kg7 Re2 66.Kf8 Rf2+ 67.Kg8 Re2 68.Kf7 Rf2+ 69.Kg6 Re2 70.Kxh5 Rxe7 71.Kg6 Re4
72.Kg5 Re5+ 73.Kf4 Rh5 74.Kg4  1-0

[Event "3rd Panama Open"]
[Site "Panama City PAN"]
[Date "2013.11.04"]
[Round "7.5"]
[White "Bruzon Batista,L"]
[Black "Vera Gonzalez Quevedo,R"]
[Result "1-0"]
[WhiteElo "2685"]
[BlackElo "2446"]

1.Nf3 d5 2.g3 c6 3.Bg2 Bg4 4.c4 e6 5.O-O Nd7 6.cxd5 exd5 7.d3 Bc5 8.Nc3 Ne7
9.Qb3 Nb6 10.Qc2 O-O 11.e4 Rc8 12.Nd2 f6 13.Nb3 Bd6 14.Be3 Rc7 15.f4 Qb8
16.Rfe1 dxe4 17.dxe4 Nc4 18.Bf2 Rd8 19.Na4 b5 20.h3 Bc8 21.Bc5 Be6 22.Nd4 Bf7
23.b3 Nb6 24.Rad1 Re8 25.Bxd6  1-0

[Event "FSFMA November 2013"]
[Site "Budapest HUN"]
[Date "2013.11.05"]
[Round "3.1"]
[White "Nagy,Ar"]
[Black "Farkas,R"]
[Result "1-0"]
[WhiteElo "2142"]
[BlackElo "2183"]

1.Nf3 d5 2.g3 Nf6 3.Bg2 c6 4.O-O Bf5 5.c4 dxc4 6.Na3 Qd5 7.Ng5 Qc5 8.d4 Qb4
9.Bd2 Qxb2 10.Nxc4 Qb5 11.Ne5 Bg6 12.Nxg6 hxg6 13.Rb1 Qa6 14.Qb3 e6 15.Qxb7 Qxb7
16.Rxb7 Be7 17.Rfb1 Nfd7 18.Bf4 O-O 19.Ne4 Rc8 20.Nd6 Bxd6 21.Bxd6 Nb6 22.Rc1 Nd5
23.e4 Nb6 24.d5 e5 25.Rxb8 Raxb8 26.Bxb8 Rxb8 27.dxc6 Rc8 28.Bf1 Kf8 29.Ba6 Rc7
30.Bb7 Ke7 31.Rc5 Ke6 32.f4 f6 33.fxe5 fxe5 34.Ra5 Nc8 35.Kf2 Nd6 36.Rxa7 Nxe4+
37.Ke3 Nd6 38.a4 Kd5 39.a5 Nc4+ 40.Ke2 Kc5 41.Ra8 Nd6 42.a6 Kb6 43.Rd8 Nb5
44.Rd7 Nd4+ 45.Kd3 Nb5 46.Ke4 Rxd7 47.cxd7 Kc7 48.Bc8  1-0

[Event "Arab Clubs 2013"]
[Site "Monastir TUN"]
[Date "2013.11.05"]
[Round "2.1"]
[White "Amin,B"]
[Black "Noah,A"]
[Result "1-0"]
[WhiteElo "2652"]
[BlackElo "2399"]

1.Nf3 d5 2.g3 c5 3.Bg2 g6 4.O-O Bg7 5.d3 Nc6 6.Nc3 Nf6 7.a3 O-O 8.Rb1 Bd7
9.b4 Rc8 10.bxc5 Qa5 11.Qe1 Rfd8 12.Rxb7 d4 13.Nb1 Qxc5 14.c4 Rb8 15.Rxb8 Rxb8
16.Nbd2 e5 17.Ng5 Qe7 18.Qd1 Ne8 19.f4 exf4 20.Nxf7 Nf6 21.Ne4 Nxe4 22.Bxe4 Kxf7
23.Bxf4 Ke8 24.Bxc6 Bxc6 25.Bxb8 Qe6 26.Bf4 h5 27.Qb1 Be5 28.Bxe5 Qxe5 29.Qe1 Bd7
30.Qf2 Bf5 31.Re1  1-0

[Event "Chennai WGM 2013"]
[Site "Chennai IND"]
[Date "2013.11.06"]
[Round "1.3"]
[White "Gomes,Mary"]
[Black "Potluri,Saye Srreezza"]
[Result "1-0"]
[WhiteElo "2414"]
[BlackElo "1746"]

1.Nf3 d5 2.g3 c5 3.Bg2 Nc6 4.O-O e6 5.b3 Nf6 6.Bb2 Be7 7.e3 O-O 8.c4 b6 9.d4 Bb7
10.Nc3 Rc8 11.Ne5 cxd4 12.exd4 dxc4 13.bxc4 Qc7 14.Nxc6 Bxc6 15.d5 Bd7 16.Rc1 Qxc4
17.d6 Bd8 18.Ne4 Qb5 19.Nxf6+ Bxf6 20.Bxf6 gxf6 21.Rc7 Rxc7 22.dxc7 Bc8 23.Qd8 Kg7
24.Rd1 e5 25.Rd6 Qb1+ 26.Bf1 Qf5 27.Bh3 Qb1+ 28.Rd1 Qxa2 29.Bxc8  1-0

[Event "Arab Clubs 2013"]
[Site "Monastir TUN"]
[Date "2013.11.07"]
[Round "5.1"]
[White "Noah,A"]
[Black "Elbaruni,M"]
[Result "1-0"]
[WhiteElo "2399"]
[BlackElo "2076"]

1.Nf3 d5 2.g3 Nf6 3.Bg2 g6 4.O-O Bg7 5.d3 O-O 6.Nbd2 c5 7.e4 e6 8.Re1 Nc6
9.h4 Rb8 10.c3 b5 11.e5 Ng4 12.d4 h5 13.Nb3 c4 14.Bg5 Qb6 15.Nc1 b4 16.Bh3 bxc3
17.bxc3 Qb2 18.Ne2 f5 19.Bd2 Rb6 20.Nf4 Ne7 21.Ng5 Qa3 22.Rb1 Ra6 23.Qc2 Nh6
24.Bc1 Qa5 25.a4 Nf7 26.Ba3 Nxg5 27.hxg5 Re8 28.Rb8 Qc7 29.Reb1 Nc6 30.Rxc8 Qxc8
31.Nxg6 Rb6 32.Rxb6 axb6 33.Qd1 Qd7 34.Nf4 Bh8 35.Qxh5 Ra8 36.Qg6+ Bg7 37.Nh5 Kh8
38.Bxf5 Bf8 39.Nf6  1-0

[Event "20th Mukachevo Rating 2013"]
[Site "Mukachevo UKR"]
[Date "2013.11.07"]
[Round "4.2"]
[White "Polyakov,M"]
[Black "Tiba,V"]
[Result "1/2-1/2"]
[WhiteElo "2403"]
[BlackElo "2266"]

1.Nf3 d5 2.g3 c5 3.Bg2 g6 4.O-O Bg7 5.d4 Nf6 6.c4 cxd4 7.Nxd4 O-O 8.cxd5 Nxd5
9.Nc3 Nxc3 10.bxc3 Nc6 11.Nxc6 bxc6 12.Qxd8 Rxd8 13.Bxc6 Rb8 14.Bf4 Rb2 15.Rfd1 Rf8
16.Bf3 Bxc3 17.Be3 Be6 18.Bxa7  1/2-1/2

[Event "TCh-CRO II Liga 2013"]
[Site "Makarska CRO"]
[Date "2013.11.08"]
[Round "7.2"]
[White "Ledic,K"]
[Black "Buselic,M"]
[Result "0-1"]
[WhiteElo "2192"]
[BlackElo "2199"]

1.Nf3 d5 2.g3 c5 3.Bg2 Nc6 4.c4 d4 5.O-O g6 6.e3 Bg7 7.exd4 cxd4 8.d3 Nf6
9.b4 Nxb4 10.Qa4+ Nc6 11.Ne5 O-O 12.Nxc6 bxc6 13.Bxc6 Bd7 14.Re1 Bxc6 15.Qxc6 Rc8
16.Qa4 Rc7 17.Na3 Qc8 18.Qd1 Qh3 19.Qf3 a6 20.Nc2 Ng4 21.Qg2 Qxg2+ 22.Kxg2 Ne5
23.Rd1 Rb8 24.Bf4 Rb2 25.Bxe5 Bxe5 26.Ne1 Rcb7 27.Nf3 Bf6 28.Rd2 Kf8 29.Rad1 Ke8
30.Rxb2 Rxb2 31.Rd2 Rb1 32.h4 h6 33.Re2 Kd7 34.Ne5+ Ke8 35.Nf3 a5 36.Rc2 Kd7
37.Nd2 Rb4 38.Kf3 Kc6 39.Ke4 a4 40.c5 Bg7 41.g4 e6 42.g5 f5+ 43.gxf6 Bxf6
44.Nf3 a3 45.Ne5+ Bxe5 46.Kxe5 Rb2 47.Rc4 Rxa2 48.Kxd4 Rxf2 49.Rc3 Rf4+ 50.Ke5 Ra4
51.Rc1 a2 52.Ra1 Kxc5 53.Kxe6 Kd4 54.Kf6 Ra6+  0-1